Vaadivaasal / (Record no. 82247)

MARC details
000 -LEADER
fixed length control field 00622nam a22002057a 4500
005 - DATE AND TIME OF LATEST TRANSACTION
control field 20140416151200.0
010 ## - LCCN (DPL NO)
LC control number ENG-109202
020 ## - INTERNATIONAL STANDARD BOOK NUMBER
Terms of availability 175.00
International Standard Book Number 9780198097471
020 ## - INTERNATIONAL STANDARD BOOK NUMBER
Terms of availability 175.00
International Standard Book Number 0198097476
035 ## - SYSTEM CONTROL NUMBER
System control number EN-92735
037 ## - SOURCE OF ACQUISITION
Source of stock number/acquisition DBAD/PUB
082 ## - DEWEY DECIMAL CLASSIFICATION NUMBER
Classification number N
100 ## - MAIN ENTRY--PERSONAL NAME
Personal name Chellappa, C. S.
245 ## - TITLE STATEMENT
Title Vaadivaasal /
Statement of responsibility, etc by C. S. Chellapa; translated from Tamil by N. Kalyan Raman
260 ## - PUBLICATION, DISTRIBUTION, ETC. (IMPRINT)
Name of publisher, distributor, etc Oxford University Press
Date of publication, distribution, etc 2013
Place of publication, distribution, etc New Delhi
270 ## - ADDRESS
City New Delhi
Postal code 110001
Address YMCA Library Building, 1 Jai Singh Road
300 ## - PHYSICAL DESCRIPTION
Extent xxxii,88p.
Dimensions 18cm(pbk)
700 ## - ADDED ENTRY--PERSONAL NAME
Personal name Kalyan Raman, N.
942 ## - ADDED ENTRY ELEMENTS (KOHA)
Source of classification or shelving scheme Dewey Decimal Classification
Item type English Books
Call number suffix CHE
Classification part N
Holdings
Withdrawn status Lost status Not for loan Collection code Home library Current library Date acquired Source of acquisition Cost, normal purchase price Full call number Barcode Copy number Cost, replacement price Koha item type
    Not For Loan Fiction D.B.Act.Division Bawana 30/01/2014 DBAD/PUB 175.00 N CHE EN-92735 1 175.00 English Books

© Delhi Public Library
Hit Counter
free hit counter